Az irodai vállalati kultúra bemutatása
| Main Author: | |
|---|---|
| Other Authors: | |
| Format: | Thesis |
| Kulcsszavak: | gazdasági kultúra nemzetközi összehasonlítás vállalati jellemzők vállalati kultúra vállalattípusok |
| Online Access: | http://dolgozattar.uni-bge.hu/59625 |
MARC
| LEADER | 00000nta a2200000 i 4500 | ||
|---|---|---|---|
| 001 | dolg59625 | ||
| 005 | 20260409145325.0 | ||
| 008 | 260409suuuu hu om 000 hun d | ||
| 040 | |a BGE Dolgozattár Repozitórium |b hun | ||
| 041 | |a hu | ||
| 100 | 1 | |a Bereczki Bence | |
| 245 | 1 | 3 | |a Az irodai vállalati kultúra bemutatása |c Bereczki Bence |h [elektronikus dokumentum] |
| 520 | 3 | |a Jelen szakdolgozat célja az irodai vállalati kultúra alapvető elemeinek bemutatása és hatásának vizsgálata, különös tekintettel a fizikai környezetre, a vezetői kommunikációra és a közösségi programokra. A munka két fő forrásra épít: a szakirodalmi áttekintés rámutatott, hogy a vállalati kultúra – a közös értékek, normák, szimbólumok és rituálék összessége – alapvetően formálja a szervezeti működést és az együttműködést.A kutatás összegzéseként megállapítható, hogy a vállalati kultúra fejlesztése multifaktorális feladat: a korszerű infrastruktúra és a támogató, bizalmon alapuló vezetői légkör párhuzamos erősítése kulcsfontosságú.Javaslom célszerű irodatechnikai beruházások, ergonomikus munkakörnyezet, megfelelő világítás és szellőzés, valamint átlátható jutalmazási és elismerési rendszerek bevezetését. Fontos továbbá a minőségi, élményközpontú közösségépítő programok szervezése, valamint a folyamatos szakmai fejlődést támogató képzési és mentorprogramok indítása, amelyek együttesen növelik az elkötelezettséget és a versenyképességet | |
| 695 | |a gazdasági kultúra | ||
| 695 | |a nemzetközi összehasonlítás | ||
| 695 | |a vállalati jellemzők | ||
| 695 | |a vállalati kultúra | ||
| 695 | |a vállalattípusok | ||
| 700 | 1 | |a Kasza Lajos |e ths | |
| 856 | 4 | 0 | |u http://dolgozattar.uni-bge.hu/59625/1/Szakdolgozat%20Bereczki%20Bence%20CHERQ7.pdf |z Dokumentum-elérés |
| 856 | 4 | 0 | |u http://dolgozattar.uni-bge.hu/59625/2/Bereczki%20Bence%20BA%20KM%20magyar%20b%C3%ADr%C3%A1lati%20lap%20BELS%C5%90.pdf |z Dokumentum-elérés |
| 856 | 4 | 0 | |u http://dolgozattar.uni-bge.hu/59625/3/BA%20KM%20magyar%20b%C3%ADr%C3%A1lati%20lap%20K%C3%9CLS%C5%90%20Bereczki%20Bence.pdf |z Dokumentum-elérés |